[Event "Wijk op"]
[Site "Wijk aan Zee"]
[Date "1993.??.??"]
[Round "10"]
[White "Nikolic, Predrag"]
[Black "Hansen, Lars Bo"]
[Result "1/2-1/2"]
[WhiteElo "2630"]
[BlackElo "2545"]

1.d4 d5 2.c4 c6 3.Nf3 Nf6 4.Nc3 dxc4 5.e3 b5 6.a4 b4 7.Nb1 Ba6 8.Be2 e6 9.O-O Be7
10.Nbd2 c3 11.bxc3 bxc3 12.Nb1 Bxe2 13.Qxe2 Nbd7 14.Nxc3 c5 15.Rd1 cxd4 16.Nxd4 Qc8
17.Ba3 Bxa3 18.Rxa3 a6 19.Na2 O-O 20.Rc1 Qe8 21.Nb4 e5 22.Ndc6 Nb8 23.Nxb8 Qxb8
24.Nxa6 Rc8 25.Raa1 Qd6 26.Rxc8+ Rxc8 27.Rd1 Qc6 28.Qb5 Qc2 29.Rf1 h6 30.h3 Qc3
31.a5 Ne4 32.Qb4 Qc2 33.Qb7 Nd2 34.Nb4 Qc1 35.Rxc1 Rxc1+ 36.Kh2 Nf1+  1/2-1/2

[Event "Horgen CS"]
[Site "Horgen"]
[Date "1994.??.??"]
[Round "1"]
[White "Nikolic, Predrag"]
[Black "Benjamin, Joel"]
[Result "1/2-1/2"]
[WhiteElo "2655"]
[BlackElo "2610"]

1.d4 d6 2.c4 e5 3.Nf3 e4 4.Ng5 Nf6 5.Nc3 Bf5 6.g4 Bxg4 7.Bg2 Be7 8.Ngxe4 Nxe4
9.Nxe4 Nc6 10.O-O Qd7 11.Ng3 Bf6 12.d5 Ne7 13.a4 Ng6 14.Ra3 O-O-O 15.a5 Rde8
16.Re1 h5 17.Qa4 Qxa4 18.Rxa4 Nh4 19.Be4 Be5 20.Bh1 Bd7 21.Ra2 f5 22.f4 Bd4+
23.e3 g5 24.fxg5 Rhg8  1/2-1/2

[Event "Horgen CS"]
[Site "Horgen"]
[Date "1994.??.??"]
[Round "2"]
[White "Gavrikov, Viktor"]
[Black "Nikolic, Predrag"]
[Result "0-1"]
[WhiteElo "2600"]
[BlackElo "2655"]

1.d4 Nf6 2.Nf3 d5 3.c4 c6 4.Nc3 a6 5.Ne5 Nbd7 6.Bf4 e6 7.e3 Nxe5 8.Bxe5 Bd6
9.Bxd6 Qxd6 10.c5 Qe7 11.f4 O-O 12.Bd3 b6 13.cxb6 c5 14.O-O cxd4 15.exd4 Qb4
16.Rf2 Bd7 17.Rc1 g6 18.Bb1 Rac8 19.Qd2 Qxb6 20.h3 Rc4 21.Rd1 Rfc8 22.Qe3 Ba4
23.Nxa4 Rxa4 24.b3 Rb4 25.g4 Qb8 26.f5 exf5 27.gxf5 Rb6 28.fxg6 hxg6 29.Rdf1 Kg7
30.Qg5 Rcc6 31.h4 Qh8 32.Kg2 Re6 33.b4 Kg8 34.a3 Qg7 35.Rf3 Rbd6 36.Qf4 Re2+
37.R3f2 Rde6 38.Bd3 Nh5 39.Qg4 R2e3 40.Rf3 f5 41.Qg5 Rxf3 42.Rxf3 Qxd4 43.Bxf5 Rf6
44.Bd3 Qb2+ 45.Kh1 Rxf3 46.Qxg6+ Ng7  0-1

[Event "Horgen CS"]
[Site "Horgen"]
[Date "1994.??.??"]
[Round "3"]
[White "Nikolic, Predrag"]
[Black "Gelfand, Boris"]
[Result "1/2-1/2"]
[WhiteElo "2655"]
[BlackElo "2680"]

1.d4 Nf6 2.c4 g6 3.Nf3 Bg7 4.g3 O-O 5.Bg2 c6 6.O-O d5 7.b3 a5 8.Nc3 Ne4 9.Bb2 Nxc3
10.Bxc3 Nd7 11.e3 Nf6 12.Ne5 Qb6 13.f3 Nd7 14.c5 Qc7 15.Nxd7 Bxd7 16.f4  1/2-1/2

[Event "Horgen CS"]
[Site "Horgen"]
[Date "1994.??.??"]
[Round "4"]
[White "Lautier, Joel"]
[Black "Nikolic, Predrag"]
[Result "1-0"]
[WhiteElo "2645"]
[BlackElo "2655"]

1.c4 e5 2.Nc3 Nc6 3.Nf3 f5 4.d4 e4 5.Ng5 Nf6 6.e3 h6 7.Nh3 g5 8.f3 exf3 9.Qxf3 d6
10.Nf2 Qe7 11.Nd5 Nxd5 12.cxd5 Nb4 13.Bb5+ Kd8 14.O-O g4 15.Qe2 Nxd5 16.Nh1 Bg7
17.Bc4 Nb6 18.Bd3 Rf8 19.Qf2 c5 20.dxc5 dxc5 21.Qc2 f4 22.exf4 Bd4+ 23.Nf2 Nd5
24.Kh1 Nxf4 25.Bxf4 Rxf4 26.Ne4 Rxf1+ 27.Rxf1 Be6 28.b4 Kc7 29.Nxc5 Bxc5
30.bxc5 Rf8 31.Re1 Qf6 32.c6 b6 33.Qa4 a5 34.Qe4 Bxa2 35.Qxg4 Rf7 36.Ba6 Qf5
37.Qg3+ Qf4 38.Re7+ Kxc6 39.Qc3+ Bc4 40.Rxf7 Qxf7 41.Bxc4 Qf2 42.Qf3+ Qxf3
43.gxf3 b5 44.Bf7 Kc5 45.Kg2 a4 46.f4 b4 47.f5 Kd4 48.Kf3 b3 49.Be6  1-0

[Event "Horgen CS"]
[Site "Horgen"]
[Date "1994.??.??"]
[Round "8"]
[White "Nikolic, Predrag"]
[Black "Jussupow, Artur"]
[Result "1/2-1/2"]
[WhiteElo "2655"]
[BlackElo "2655"]

1.d4 Nf6 2.c4 e6 3.Nf3 d5 4.Nc3 Be7 5.Bg5 h6 6.Bh4 O-O 7.e3 Ne4 8.Bxe7 Qxe7
9.Rc1 c6 10.Bd3 Nxc3 11.Rxc3 Nd7 12.cxd5 exd5 13.O-O Re8 14.Qb1 Nf6 15.b4 Ne4
16.Bxe4 dxe4 17.Nd2 Be6 18.Rfc1 Bd5 19.b5 Rad8 20.a4 h5 21.R1c2 h4 22.h3 f5
23.bxc6 bxc6 24.Nc4 c5 25.dxc5 Qxc5 26.Na3 Qb6 27.Qxb6 axb6 28.Nb5 Bf7 29.Nd4 g6
30.Rc6 Re7 31.Rb2 Ra8 32.Rb4 Rea7 33.Rbxb6 Rxa4 34.Rxg6+ Bxg6 35.Rxg6+ Kf7
36.Rh6 Rxd4 37.exd4 Ra1+ 38.Kh2 Ra2 39.Kg1 Ra1+ 40.Kh2 Rf1 41.Rxh4 Rxf2 42.Kg1 e3
43.d5 Rd2 44.Kf1 Rf2+ 45.Ke1 Rxg2 46.Rf4 Kf6 47.Rf3 Rd2 48.Rxe3 Rxd5  1/2-1/2

[Event "Horgen CS"]
[Site "Horgen"]
[Date "1994.??.??"]
[Round "9"]
[White "Miles, Anthony J"]
[Black "Nikolic, Predrag"]
[Result "1-0"]
[WhiteElo "2600"]
[BlackElo "2655"]

1.Nf3 d5 2.d4 a6 3.Bg5 h6 4.Bh4 Nf6 5.Bxf6 exf6 6.e3 Bd6 7.Nbd2 f5 8.c4 dxc4
9.Bxc4 O-O 10.O-O Nd7 11.Qc2 g6 12.Bb3 Nb6 13.Rfd1 Qe7 14.Rac1 c6 15.Ne1 Bd7
16.Nd3 Rae8 17.Nf3 Bc8 18.Nfe5 Kg7 19.Re1 h5 20.a3 h4 21.Qc3 f6 22.Nf3 h3
23.g3 Qe4 24.Bd1 Nd5 25.Qc2 g5 26.Nc5 Qe7 27.Qd3 Rd8 28.Qf1 Rh8 29.Bb3 Nc7
30.e4 f4 31.e5 Bxc5 32.Rxc5 Nd5 33.Bxd5 Rxd5 34.Rxd5 cxd5 35.Qd3 fxg3 36.hxg3 Bg4
37.Qe3 Kg6 38.Nh2 Bc8 39.e6 Re8 40.f4 f5 41.Nf3 gxf4 42.gxf4 Qxe6 43.Ne5+ Kf6
44.Kh2 Ke7 45.Qg3 Kd8 46.Rc1 Re7 47.Qh4 Bd7 48.Rg1 Be8 49.Rg7 a5 50.Qg5 b5
51.Kxh3 b4 52.axb4 axb4 53.Kh4 Bb5 54.Rg6  1-0

[Event "Horgen CS"]
[Site "Horgen"]
[Date "1994.??.??"]
[Round "10"]
[White "Nikolic, Predrag"]
[Black "Leko, Peter"]
[Result "1-0"]
[WhiteElo "2655"]
[BlackElo "2555"]

1.d4 d5 2.Nf3 c5 3.dxc5 e6 4.e4 Bxc5 5.exd5 exd5 6.Bb5+ Nc6 7.O-O Ne7 8.Nbd2 O-O
9.Nb3 Bd6 10.c3 Bg4 11.Be2 Re8 12.Nfd4 Bxe2 13.Nxe2 Qc7 14.Ng3 Rad8 15.Re1 Qd7
16.Be3 Bxg3 17.hxg3 Nf5 18.Bf4 d4 19.Rxe8+ Qxe8 20.Qd3 g6 21.c4 h5 22.Kf1 Qe6
23.Nc5 Qe7 24.Nb3 Re8 25.Rd1 Qf6 26.Re1 Rxe1+ 27.Kxe1 g5 28.Bd2 Ne5 29.Qe2 g4
30.Bf4 Ng6 31.Bb8 a6 32.Qe4 b6 33.Kd1 Nge7 34.Bc7 b5 35.cxb5 axb5 36.Bd8 Qc6
37.Qxc6 Nxc6 38.Bc7 Nb4 39.Kd2 Nxa2 40.Kd3 Nb4+ 41.Ke4 Ne7 42.Bd6 Nbd5 43.Bxe7 Nxe7
44.Nxd4 b4 45.Nc2 Nc6 46.Kd5 Ne7+ 47.Kc4 f5 48.Nxb4 Kf7 49.Nd3 Kf6 50.b4 Ng6
51.Kd5 f4 52.Nxf4 h4 53.Nxg6 h3 54.gxh3 gxh3 55.Ne5  1-0

[Event "Horgen CS"]
[Site "Horgen"]
[Date "1994.??.??"]
[Round "11"]
[White "Lutz, Christopher"]
[Black "Nikolic, Predrag"]
[Result "1/2-1/2"]
[WhiteElo "2580"]
[BlackElo "2655"]

1.d4 Nf6 2.c4 e6 3.Nf3 Bb4+ 4.Nbd2 b6 5.e3 O-O 6.Bd3 Bb7 7.O-O d5 8.a3 Bxd2
9.Qxd2 a5 10.b3 Nbd7 11.Qe2 c5 12.cxd5 exd5 13.a4 Ne4 14.Ba3 Re8 15.Rac1 Rc8
16.Rc2 Ng5 17.Rfc1 c4 18.Bf5 Bc6 19.Nxg5 Qxg5 20.Qg4 Qd8 21.Rc3 g6 22.Qg3 b5
23.axb5 Bxb5 24.bxc4 Rxc4 25.Rxc4 Bxc4 26.e4 Nf8 27.e5 Qb6 28.h4 Qxd4 29.Bd6 a4
30.h5 a3 31.hxg6 hxg6 32.e6 Nxe6 33.Bxe6 Rxe6 34.Bxa3 Re8 35.Rb1 Qd2 36.Rb8 Qd1+
37.Kh2 Qh5+ 38.Kg1 Qd1+ 39.Kh2 Qh5+ 40.Kg1 Qd1+  1/2-1/2

[Event "PCA/Intel-GP"]
[Site "London"]
[Date "1994.??.??"]
[Round "1"]
[White "Short, Nigel D"]
[Black "Nikolic, Predrag"]
[Result "1-0"]
[WhiteElo "2665"]
[BlackElo "2655"]

1.e4 e6 2.d4 d5 3.Nc3 Bb4 4.e5 c5 5.a3 Bxc3+ 6.bxc3 Ne7 7.Nf3 Bd7 8.Bd3 c4
9.Be2 Ba4 10.Rb1 Qc7 11.Ng5 h6 12.Nh3 Nd7 13.Nf4 O-O-O 14.O-O Kb8 15.g3 Ka8
16.Bg4 Rc8 17.Bd2 Qd8 18.Re1 Rc6 19.Rb4 Ra6 20.Qc1 Nc6 21.Rb2 Qe7 22.Ra2 Nd8
23.h4 Qe8 24.Bf3 Qg8 25.h5 g5 26.Ng2 f5 27.exf6 Nxf6 28.Qd1 Qh7 29.Ne3 Rf8
30.Qe2 Rb6 31.Rf1 Nf7 32.Bg2 Nd6 33.g4 Nfe4 34.Be1 Nb5 35.Nd1 Nf6 36.f3 Qe7
37.Bg3 Nxa3 38.Ne3 Ra6 39.Rfa1 Bd7 40.Nf5 Qh7 41.Ne3 Nb5 42.Rxa6 bxa6 43.Rxa6 Bc8
44.Ra5 Qb7 45.Qe1 Qb6 46.Qa1 Rf7 47.Be5 Nd7 48.Bg3 Bb7 49.Kh2 Nb8 50.Ra2 Nc6
51.Qe1 Bc8 52.Kh1 Qd8 53.Bh2 Rb7 54.f4 gxf4 55.Bxf4 Qf6 56.Bg3 Rb6 57.Ra1 Bb7
58.Kh2 a6 59.Bxd5 exd5 60.Nxd5 Qd8 61.Qe6 Ka7 62.Nxb6 Qxb6 63.d5 Nc7 64.Qe1 Ka8
65.dxc6 Qxc6 66.Qf2 Ne6 67.Rd1 Qe4 68.Re1 Qc6 69.Qe2 a5 70.Ra1 a4 71.Qf2 Ng5
72.Bf4 Ne4 73.Qd4 Nd6 74.Rxa4+ Qxa4 75.Qxd6 Qxc2+ 76.Qd2 Qe4 77.Qa2+  1-0

[Event "EUCup f"]
[Site "Lyon"]
[Date "1994.??.??"]
[Round "?"]
[White "Horvath, Jozsef"]
[Black "Nikolic, Predrag"]
[Result "1/2-1/2"]
[WhiteElo "2520"]
[BlackElo "2655"]

1.d4 d5 2.c4 dxc4 3.e3 a6 4.Nf3 e6 5.Bxc4 c5 6.Qe2 Nf6 7.O-O Nc6 8.a4 cxd4
9.Rd1 Be7 10.exd4 O-O 11.Nc3 Nd5 12.Qe4 Nf6 13.Qh4 Nd5 14.Qe4 Nf6 15.Qh4 Nd5
16.Qe4 Nf6 17.Qe2 Nd5 18.Qe4 Nf6  1/2-1/2

[Event "Moscow ol (Men)"]
[Site "Moscow"]
[Date "1994.??.??"]
[Round "1"]
[White "Nikolic, Predrag"]
[Black "Abdulwahab, A."]
[Result "1-0"]
[WhiteElo "2655"]
[BlackElo "2375"]

1.d4 Nf6 2.Nf3 e6 3.g3 c5 4.Bg2 cxd4 5.Nxd4 Nc6 6.O-O d5 7.c4 Qb6 8.Nxc6 bxc6
9.Nc3 Be7 10.cxd5 exd5 11.Na4 Qa6 12.Be3 O-O 13.Qc2 Bg4 14.f3 Bh5 15.Nc5 Bxc5
16.Bxc5 Rfe8 17.Rfe1 Bg6 18.Qd2 Nd7 19.Bf2 Ne5 20.b3 Rad8 21.Rac1 f5 22.Bd4 Rc8
23.Qb2 Nd7 24.Bxg7 c5 25.Bh6 Re7 26.Bf1 Qc6 27.Bf4 Nb6 28.e3 c4 29.Qd4 a5
30.Rc3 a4 31.Rec1 axb3 32.axb3 Bf7 33.Be5 Rce8 34.f4 Qg6 35.Bg2 cxb3 36.Rc6  1-0

[Event "Moscow ol (Men)"]
[Site "Moscow"]
[Date "1994.??.??"]
[Round "2"]
[White "Godena, Michele"]
[Black "Nikolic, Predrag"]
[Result "1/2-1/2"]
[WhiteElo "2485"]
[BlackElo "2655"]

1.e4 d6 2.d4 Nf6 3.Nc3 g6 4.Nf3 Bg7 5.Be2 c6 6.a4 Bg4 7.h3 Bxf3 8.Bxf3 O-O
9.O-O a5 10.Be3 Qc7 11.Qd2 Nbd7 12.Rad1 Rfe8 13.Rfe1 e5 14.dxe5 dxe5 15.Nb1 Bf8
16.c3 Nc5 17.Qc2 h5 18.Nd2 Ne6 19.Nc4 Bc5 20.Bc1 h4 21.Qe2 Rad8 22.Rxd8 Rxd8
23.Bg4 Nf4 24.Bxf4 exf4 25.e5 Nxg4 26.Qxg4 b5 27.axb5 cxb5 28.Nd6 Bxd6 29.exd6 Qxd6
30.Qxh4 Qd2 31.Re2 Qd1+ 32.Kh2 Kg7 33.Re4 f3 34.Rf4 Qd6 35.g3 Re8 36.Qg4 Qd1
37.Qxf3 Qxf3 38.Rxf3 Re2 39.b3 Rb2 40.c4 bxc4 41.bxc4 Rc2 42.Rf4  1/2-1/2

[Event "Moscow ol (Men)"]
[Site "Moscow"]
[Date "1994.??.??"]
[Round "5"]
[White "Nikolic, Predrag"]
[Black "Azmaiparashvili, Zurab"]
[Result "1/2-1/2"]
[WhiteElo "2655"]
[BlackElo "2625"]

1.d4 d5 2.c4 e6 3.Nc3 Be7 4.Nf3 Nf6 5.Bg5 h6 6.Bxf6 Bxf6 7.e4 dxe4 8.Nxe4 Be7
9.Bd3 Bb4+ 10.Kf1 Be7 11.Bc2 Nd7 12.Qd3 b6 13.h4 Bb7 14.Rh3 a5 15.Re1 a4
16.h5 a3 17.b3 Bb4 18.Re2 Qe7 19.Nc3 O-O-O 20.Nd5 Qf8 21.Nxb4 Qxb4 22.Qd2 Qxd2
23.Rxd2 c5 24.Ke1 Bxf3 25.Rxf3 Nf6 26.dxc5 bxc5 27.b4 cxb4 28.Rb3 Rxd2 29.Kxd2 Rd8+
30.Ke1 Rd7 31.Rxb4 Rb7 32.Ra4 Rb2 33.Bb3 Nxh5 34.g3 Nf6 35.Rxa3 Ne4 36.f3 Nxg3
37.Ra7 h5 38.Rxf7 h4 39.Rxg7 h3 40.Rxg3 h2 41.Rh3 Rg2 42.c5 Rg1+ 43.Kd2 h1=Q
44.Rxh1 Rxh1 45.Bxe6+ Kc7 46.f4 Kc6 47.f5 Rf1 48.Ke2 Rf4 49.Ke3 Rf1 50.Kd4 Rd1+
51.Ke5 Kxc5 52.f6 Re1+ 53.Kf5 Rf1+ 54.Kg6 Kd6 55.Bc4 Rf4 56.Bb3 Ke5 57.f7 Kd6
58.Kg5 Rf2  1/2-1/2

[Event "Moscow ol (Men)"]
[Site "Moscow"]
[Date "1994.??.??"]
[Round "7"]
[White "Nikolic, Predrag"]
[Black "Timman, Jan H"]
[Result "1-0"]
[WhiteElo "2655"]
[BlackElo "2635"]

1.d4 Nf6 2.c4 g6 3.Nf3 Bg7 4.g3 O-O 5.Bg2 c6 6.O-O d5 7.b3 Ne4 8.Bb2 Bf5
9.e3 Nd7 10.Qe2 Qa5 11.Rc1 Rfe8 12.Nc3 Nxc3 13.Bxc3 Qa6 14.Bf1 dxc4 15.e4 Bg4
16.h3 Bxf3 17.Qxf3 e6 18.a4 Qb6 19.a5 Qd8 20.Bxc4 b5 21.axb6 axb6 22.e5 Rxa1
23.Bxa1 Bh6 24.Rc2 Qa8 25.Bb2 Rc8 26.Kg2 b5 27.Bd3 Nb6 28.Be4 Nd5 29.h4 Nb4
30.Re2 Qa7 31.h5 c5 32.hxg6 hxg6 33.Qg4 c4 34.Bxg6 c3 35.Be4+ Kf8 36.Qh4 Bg7
37.Bxc3  1-0

[Event "Moscow ol (Men)"]
[Site "Moscow"]
[Date "1994.??.??"]
[Round "9"]
[White "Nikolic, Predrag"]
[Black "Short, Nigel D"]
[Result "1-0"]
[WhiteElo "2655"]
[BlackElo "2655"]

1.d4 d5 2.c4 c6 3.Nc3 Nf6 4.e3 a6 5.Qc2 b5 6.b3 Bg4 7.Nge2 Nbd7 8.h3 Bh5
9.Nf4 Bg6 10.Nxg6 hxg6 11.Bb2 e6 12.Bd3 Be7 13.Ne2 Qa5+ 14.Bc3 Bb4 15.O-O Bxc3
16.Qxc3 Qxc3 17.Nxc3 Ke7 18.Rfc1 Rhc8 19.Ne2 dxc4 20.bxc4 e5 21.Kf1 exd4
22.exd4 Nb6 23.Ng1 bxc4 24.Bxc4 Nxc4 25.Rxc4 Nd5 26.Nf3 f6 27.Re1+ Kd7 28.Nd2 Nc7
29.Nb3 Rab8 30.Rc3 Re8 31.Rec1 Rb6 32.h4 Rh8 33.g3 Nd5 34.R3c2 Re8 35.Nc5+ Kd8
36.a3 a5 37.Na4 Rb3 38.Rxc6 Rxa3 39.R6c5 Ke7 40.Rxd5 Rxa4 41.Rc7+ Ke6 42.Rdd7 Kf5
43.Rc5+ Ke4 44.Rxg7 Kxd4 45.Rc1 Rf8 46.Rxg6 Ke5 47.Rg7 f5 48.Kg2 Ra2 49.Rd7 a4
50.Re1+ Kf6 51.Rde7 Kg6 52.R1e6+ Rf6 53.h5+  1-0

[Event "Moscow ol (Men)"]
[Site "Moscow"]
[Date "1994.??.??"]
[Round "10"]
[White "Nikolic, Predrag"]
[Black "Ye Jiangchuan"]
[Result "0-1"]
[WhiteElo "2655"]
[BlackElo "2575"]

1.d4 Nf6 2.Nf3 g6 3.g3 Bg7 4.Bg2 O-O 5.c4 d5 6.O-O dxc4 7.Na3 Na6 8.Ne5 Ne8
9.Naxc4 Nd6 10.d5 Bf5 11.Be3 Nb4 12.Bc5 Na6 13.Ba3 Nxc4 14.Nxc4 b5 15.Ne3 b4
16.Qa4 bxa3 17.Nxf5 gxf5 18.Qxa6 axb2 19.Rad1 Qd6 20.Qd3 Qe5 21.f4 Qf6 22.e4 fxe4
23.Bxe4 h6 24.Qf3 Rab8 25.Bb1 Rfd8 26.Kg2 Rb5 27.Rd3 Rc5 28.Rfd1 a5 29.Qe3 Qd6
30.h4 Rc4 31.Kh2 Bf6 32.R3d2 Kf8 33.Rd3 Qc5 34.Qf3 Rc1 35.Kh3 Qc4 36.a3 a4
37.g4 Rb8 38.g5 Bg7 39.f5 hxg5 40.hxg5 Be5 41.f6 Qf4 42.fxe7+ Kxe7 43.Qxf4 Bxf4
44.Kg4 Rb3 45.Kxf4 Rxd3  0-1

[Event "Munich Express"]
[Site "Munich"]
[Date "1994.??.??"]
[Round "?"]
[White "Lobron, Eric"]
[Black "Nikolic, Predrag"]
[Result "0-1"]
[WhiteElo "2570"]
[BlackElo "2625"]

1.c4 e5 2.Nc3 Nc6 3.g3 g6 4.Bg2 Bg7 5.Rb1 a5 6.d3 f5 7.e3 Nf6 8.Nge2 O-O
9.O-O Ne7 10.f4 d6 11.b3 c6 12.Qd2 Be6 13.Bb2 Qc7 14.Rbc1 Bf7 15.e4 Rad8
16.d4 fxe4 17.Nxe4 Nxe4 18.Bxe4 Qb6 19.Bc3 exd4 20.Bxd4 Bxd4+ 21.Nxd4 d5
22.c5 Qb4 23.Qxb4 axb4 24.Bg2 Ra8 25.Rc2 Rfe8 26.Bh3 Kg7 27.Kf2 Ng8 28.Re1 Nf6
29.Rxe8 Rxe8 30.Kf3 Ne4 31.Bf1 Ra8 32.Bd3 Nc3 33.a4 bxa3 34.Rxc3 a2 35.Nc2 d4
36.Rc4 Bxc4 37.Bxc4 a1=Q 38.Nxa1 Rxa1 39.Ke4 Rh1 40.Kxd4 Kf6 41.g4 Rxh2 42.Bd3 h6  0-1

[Event "Munich Express"]
[Site "Munich"]
[Date "1994.??.??"]
[Round "?"]
[White "Nikolic, Predrag"]
[Black "Short, Nigel D"]
[Result "0-1"]
[WhiteElo "2625"]
[BlackElo "2665"]

1.d4 d5 2.c4 e6 3.Nc3 Nf6 4.Bg5 Be7 5.e3 O-O 6.Nf3 h6 7.Bh4 b6 8.Be2 Bb7
9.Bxf6 Bxf6 10.cxd5 exd5 11.O-O Nc6 12.Rc1 Re8 13.Bb5 Re6 14.Ba4 Ne7 15.b4 c6
16.Bb3 Rc8 17.e4 g6 18.Re1 Bg7 19.Qc2 Qd7 20.h4 Re8 21.a3 Nc8 22.b5 Ne7 23.bxc6 Bxc6
24.e5 Nf5 25.Qa2 Rd8 26.Ne2 Ree8 27.Nf4 Bb7 28.Qc2 Rc8 29.Qd3 Rxc1 30.Rxc1 Bf8
31.a4 Ng7 32.Qb5 Rd8 33.Ne1 Ne6 34.Qxd7 Rxd7 35.Ne2 Be7 36.g3 Ba6 37.Bd1 Bxe2
38.Bxe2 Nxd4 39.Ba6 Bc5 40.Nd3 Ne2+ 41.Kf1 Nxc1 42.Nxc1  0-1

[Event "Munich Intel Express op"]
[Site "Munich"]
[Date "1994.??.??"]
[Round "?"]
[White "Beliavsky, Alexander G"]
[Black "Nikolic, Predrag"]
[Result "1-0"]
[WhiteElo "2650"]
[BlackElo "2625"]

1.e4 e5 2.Nf3 Nc6 3.d4 exd4 4.Nxd4 Nf6 5.Nxc6 bxc6 6.e5 Qe7 7.Qe2 Nd5 8.c4 Ba6
9.Qe4 Nf6 10.Qe2 Nd5 11.Nd2 g6 12.Qe4 Nb6 13.Bd3 Bg7 14.O-O O-O 15.f4 f6
16.Nf3 Rae8 17.Re1 Qf7 18.b3 d5 19.Qe2 fxe5 20.Nxe5 dxc4 21.bxc4 Qe6 22.Bb2 Bxe5
23.Bxe5 Bxc4 24.Rac1 Bxd3 25.Qxd3 Qxa2 26.Rxc6 Qf7 27.Rd1 Qf5 28.Qc3 Nd7
29.Bxc7 Rf7 30.Bd6 Nf6 31.Qc4 Ne4 32.Be5 Rxe5 33.fxe5 Qf2+ 34.Kh1 Qe3 35.Rf6 Nf2+
36.Rxf2 Qxf2 37.e6 Re7 38.Rf1 Rc7 39.Qb5 Qc5 40.Qe8+ Kg7 41.h3 Kh6 42.Qd8 Qe7
43.Qd4 Rc5 44.Qd2+ Qg5 45.Qd6 Rc2 46.Qf8+ Kh5 47.Rg1 Qe3 48.g4+ Kg5 49.h4+  1-0

[Event "Munich SKA"]
[Site "Munich"]
[Date "1994.??.??"]
[Round "2"]
[White "Beliavsky, Alexander G"]
[Black "Nikolic, Predrag"]
[Result "1-0"]
[WhiteElo "2650"]
[BlackElo "2625"]

1.e4 e5 2.Nf3 Nc6 3.d4 exd4 4.Nxd4 Nf6 5.Nxc6 bxc6 6.e5 Qe7 7.Qe2 Nd5 8.c4 Ba6
9.Qe4 Nf6 10.Qe2 Nd5 11.Nd2 g6 12.Qe4 Nb6 13.Bd3 Bg7 14.O-O O-O 15.f4 f6
16.Nf3 Rae8 17.Re1 Qf7 18.b3 d5 19.Qe2 fxe5 20.Nxe5 dxc4 21.bxc4 Qe6 22.Bb2 Bxe5
23.Bxe5 Bxc4 24.Rac1 Bxd3 25.Qxd3 Qxa2 26.Rxc6 Qf7 27.Rd1 Qf5 28.Qb3+ Qf7
29.Qc2 Qf5 30.Qc3 Nd7 31.Bxc7 Rf7 32.Bd6 Nf6 33.Qc4 Ne4 34.Be5 Rxe5 35.fxe5 Qf2+
36.Kh1 Qe3 37.Rf6 Nf2+ 38.Rxf2 Qxf2 39.e6 Re7 40.Rf1 Rc7 41.Qb5 Qc5 42.Qe8+ Kg7
43.h3 Kh6 44.Qd8 Qe7 45.Qd4 Rc5 46.Qd2+ Qg5 47.Qd6 Rc2 48.Qf8+ Kh5 49.Rg1 Qe3
50.g4+ Kg5 51.h4+  1-0

[Event "Munich SKA"]
[Site "Munich"]
[Date "1994.??.??"]
[Round "3"]
[White "Nikolic, Predrag"]
[Black "Bareev, Evgeny"]
[Result "1/2-1/2"]
[WhiteElo "2625"]
[BlackElo "2685"]

1.d4 d5 2.c4 c6 3.Nc3 Nf6 4.e3 e6 5.Nf3 Nbd7 6.Bd3 dxc4 7.Bxc4 b5 8.Bd3 Bb7
9.O-O a6 10.e4 c5 11.d5 Qc7 12.dxe6 fxe6 13.Bc2 c4 14.Ng5 Nc5 15.e5 Qxe5
16.Re1 Qd6 17.Qxd6 Bxd6 18.Be3 O-O 19.Rad1 Be7 20.Bxc5 Bxc5 21.Nxe6 Rfc8
22.h3 Rab8 23.g4 Bf3 24.Rd2 b4 25.Na4 Ba7 26.g5 Nd5 27.Nd4 c3 28.bxc3 bxc3
29.Nxc3 Rxc3 30.Nxf3 Rxf3 31.Be4 Rg3+ 32.Kh2 Rxg5 33.Bxd5+  1/2-1/2

[Event "Munich SKA"]
[Site "Munich"]
[Date "1994.??.??"]
[Round "5"]
[White "Nikolic, Predrag"]
[Black "Lutz, Christopher"]
[Result "1/2-1/2"]
[WhiteElo "2625"]
[BlackElo "2595"]

1.d4 d5 2.c4 c6 3.Nc3 Nf6 4.e3 e6 5.Nf3 Nbd7 6.Bd3 dxc4 7.Bxc4 b5 8.Bd3 a6
9.e4 c5 10.d5 c4 11.Bc2 e5 12.O-O Bb4 13.Ne2 O-O 14.b3 cxb3 15.axb3 Re8 16.Bd2 Bxd2
17.Qxd2 Qb6 18.b4 Qd6 19.Nc1 Nb6 20.Nb3 Bg4 21.Nh4 Nc4 22.Qc3 Rec8 23.h3 Bd7
24.Nc5 a5 25.Nxd7 Nxd7 26.bxa5 g6 27.Qe1 b4 28.Ba4 Rxa5 29.Bxd7 Rxa1 30.Qxa1 Qxd7
31.Nf3 Qd6 32.Qa4 Na3 33.Nd2 Kg7 34.Nb1 Nc4 35.Qb5 Qc5 36.Qxc5 Rxc5 37.Rc1 b3
38.f3 b2 39.Rc2 f5 40.Kf2 fxe4 41.fxe4 Nd6 42.Rxb2 Nxe4+ 43.Kf3 Nd6 44.Nd2 Rxd5
45.Ne4 Rd3+  1/2-1/2

[Event "Munich SKA"]
[Site "Munich"]
[Date "1994.??.??"]
[Round "6"]
[White "Lobron, Eric"]
[Black "Nikolic, Predrag"]
[Result "1-0"]
[WhiteElo "2570"]
[BlackElo "2625"]

1.d4 Nf6 2.c4 e6 3.Nf3 Bb4+ 4.Bd2 c5 5.Bxb4 cxb4 6.g3 b6 7.Bg2 Bb7 8.O-O O-O
9.Qd3 d6 10.Nbd2 Qc7 11.e4 e5 12.Rfe1 Re8 13.Rac1 Nbd7 14.a3 bxa3 15.Qxa3 a5
16.Bh3 Rad8 17.d5 Nc5 18.Nh4 Ra8 19.Qe3 Qd8 20.Rf1 Kh8 21.f4 exf4 22.Rxf4 Bxd5
23.Rxf6 Qxf6 24.cxd5 Qxb2 25.Rf1 a4 26.Nf5 a3 27.Nc4 Qb4 28.Qg5 Qc3 29.e5 Rg8
30.Ncxd6 Raf8 31.Qe3 Qxe3+ 32.Nxe3 g6 33.Ra1 Ra8 34.Ra2 Nd3 35.Nec4 Nb4 36.Rxa3 Rxa3
37.Nxa3 Nxd5 38.Bg2 Nc7 39.Nxf7+ Kg7 40.Nd6 Rf8 41.Bc6 h5 42.Kg2 h4 43.Nab5 Ne6
44.Bd5 Nc5 45.Nd4 hxg3 46.hxg3 Rh8 47.Nc6 Na6 48.e6 Nc7 49.Bc4 Rh5 50.e7 Rc5
51.Bb5 Rd5 52.e8=Q Nxe8 53.Nxe8+ Kh6 54.Na7 Rd4 55.Nc7 g5 56.Be2 g4 57.Nab5 Ra4
58.Nd5  1-0

[Event "Munich SKA"]
[Site "Munich"]
[Date "1994.??.??"]
[Round "8"]
[White "Jussupow, Artur"]
[Black "Nikolic, Predrag"]
[Result "1-0"]
[WhiteElo "2655"]
[BlackElo "2625"]

1.d4 Nf6 2.c4 e6 3.Nc3 Bb4 4.e3 O-O 5.Bd3 c5 6.Nf3 d5 7.O-O dxc4 8.Bxc4 b6
9.a3 cxd4 10.axb4 dxc3 11.Qxd8 Rxd8 12.bxc3 Bb7 13.Be2 a6 14.c4 Nc6 15.Ba3 Ne4
16.Rfc1 f6 17.h3 Rac8 18.Rc2 Kf7 19.Rb1 Ne7 20.Nd4 Rc7 21.Bg4 Bc8 22.b5 f5
23.Bf3 Rdd7 24.bxa6 Bxa6 25.Rxb6 Bxc4 26.Bxe7 Rxe7 27.Rc6 Rxc6 28.Nxc6 Bb3
29.Rb2 Rc7 30.Bxe4 Ba4 31.Bf3 Rxc6 32.Rb7+ Kf6 33.Bxc6 Bxc6 34.Ra7 h6 35.h4 g5
36.hxg5+ hxg5 37.f4 Bd5 38.Ra6 Bc4 39.Rb6 Bd5 40.Kf2 Bc4 41.Ke1 Kg6 42.g3 Bd5
43.Rb8 Kf6 44.Kd2  1-0

[Event "Munich SKA"]
[Site "Munich"]
[Date "1994.??.??"]
[Round "9"]
[White "Nikolic, Predrag"]
[Black "Ivanchuk, Vassily"]
[Result "1/2-1/2"]
[WhiteElo "2625"]
[BlackElo "2710"]

1.d4 Nf6 2.c4 e6 3.Nf3 c5 4.d5 exd5 5.cxd5 d6 6.Nc3 g6 7.g3 Bg7 8.Bg2 O-O
9.O-O Re8 10.Nd2 Nbd7 11.Rb1 a6 12.b4 cxb4 13.Rxb4 Nc5 14.Nb3 Nfd7 15.Bb2 Nxb3
16.axb3 Nc5 17.Na4 Bxb2 18.Nxb2 Bd7 19.Rf4 Bb5 20.Re1 a5 21.e3 Rc8 22.h4 f5
23.Rd4 Ba6 24.Bf1 Bxf1 25.Rxf1 Ne4 26.b4 b5 27.bxa5 Qxa5 28.Kg2 Qa2 29.Nd3 Rc2
30.Qb1 Rb8 31.Qxa2 Rxa2 32.Rb1 h5 33.Rdb4 Nc3 34.R1b2 Rxb2 35.Nxb2 Kg7 36.Rb3 Nxd5
37.Rd3 Nf6 38.Rxd6 b4 39.f3 b3 40.Rd3 Kf7 41.Kf2 Ke6 42.Ke2 Nd7 43.Rd4 Ne5
44.e4 Rc8 45.exf5+ gxf5 46.Na4 Rc2+ 47.Kd1 Kf6 48.Rb4 Rc4 49.Rxc4 Nxc4 50.Nc5 Ne3+
51.Kc1 Nf1 52.Nxb3 Nxg3 53.Kd2 Ke5 54.Kd3 f4 55.Nd4 Kd5 56.Nc2 Nf5 57.Nb4+ Ke5
58.Nc6+ Kd6 59.Ke4 Nxh4 60.Ne5 Ng2 61.Ng6 h4 62.Nxf4 Kd7 63.Kf5 Ne1 64.Kg4 h3
65.Nxh3 Nxf3  1/2-1/2

[Event "Munich SKA"]
[Site "Munich"]
[Date "1994.??.??"]
[Round "11"]
[White "Nikolic, Predrag"]
[Black "Huebner, Robert"]
[Result "1-0"]
[WhiteElo "2625"]
[BlackElo "2610"]

1.d4 d5 2.c4 dxc4 3.e4 e5 4.Nf3 Bb4+ 5.Nc3 exd4 6.Nxd4 Ne7 7.Bxc4 Nbc6 8.Be3 Bxc3+
9.bxc3 O-O 10.Qh5 Nxd4 11.cxd4 Ng6 12.O-O Qe7 13.Bd3 b6 14.Rfe1 Bb7 15.e5 c5
16.dxc5 bxc5 17.e6 Qxe6 18.Bxc5 Qd7 19.Bxf8 Qxd3 20.Rad1 Qc4 21.Bd6 Qxa2
22.Qb5  1-0

[Event "PCA-op playoff"]
[Site "New York"]
[Date "1994.??.??"]
[Round "?"]
[White "Nikolic, Predrag"]
[Black "Ehlvest, Jaan"]
[Result "1-0"]
[WhiteElo "2655"]
[BlackElo "2600"]

1.d4 e6 2.Nf3 b6 3.g3 Bb7 4.Bg2 c5 5.O-O cxd4 6.Nxd4 Bxg2 7.Kxg2 Nf6 8.c4 Be7
9.Nb5 O-O 10.Bf4 Ne8 11.N5c3 Qc8 12.Qd3 Na6 13.Nd2 Nc5 14.Qf3 d6 15.Rac1 a6
16.Rfd1 Ra7 17.Nde4 Nxe4 18.Nxe4 Rd7 19.Rd3 f5 20.Ng5 Rc7 21.Bd2 h6 22.Nh3 e5
23.Rb3 b5 24.Qd5+ Kh8 25.cxb5 Rxc1 26.Bxc1 Qxc1 27.bxa6 Nc7 28.Qb7 Qc5 29.Rc3 Qd5+
30.e4 Qxb7 31.axb7 Na6 32.Rc8 fxe4 33.b4 d5 34.b5 Nb8 35.a4 d4 36.a5 d3 37.Kf1 e3
38.Rxf8+ Bxf8 39.fxe3 Bb4 40.a6 Bc5 41.Nf2 d2 42.Nd1 Kg8 43.Ke2 Kf7 44.Kxd2 Ke6
45.Kd3 Nd7 46.e4 Ba7 47.Nc3  1-0

[Event "PCA-op playoff"]
[Site "New York"]
[Date "1994.??.??"]
[Round "?"]
[White "Khalifman, Alexander"]
[Black "Nikolic, Predrag"]
[Result "0-1"]
[WhiteElo "2645"]
[BlackElo "2655"]

1.c4 Nf6 2.d4 e6 3.Nf3 b6 4.b3 Ba6 5.g3 Bb4+ 6.Bd2 Bxd2+ 7.Qxd2 c6 8.Nc3 d5
9.Bg2 O-O 10.Ne5 Nfd7 11.Nxd7 Nxd7 12.O-O dxc4 13.Bxc6 Rc8 14.Bg2 Qe7 15.d5 Nf6
16.d6 Qd7 17.Rfd1 Rfd8 18.b4 Bb7 19.Bxb7 Qxb7 20.Qd4 Nd7 21.Rd2 a6 22.a4 h6
23.Rad1 b5 24.axb5 axb5 25.e4 f6 26.f4 Rf8 27.Ra1 Ra8 28.Rda2 Rxa2 29.Rxa2 Ra8
30.Rxa8+ Qxa8 31.Nd1 Qa2 32.Nc3 Qa1+ 33.Kg2 Qb2+ 34.Kh3 Qxb4 35.f5 exf5 36.exf5 Kh7
37.Qg4 Qxd6 38.Qg6+ Kg8 39.Qe8+ Nf8 40.Qe4 Qc5 41.Nd5 c3 42.Ne3 Kh7 43.Kg2 Nd7
44.Kf2 Ne5 45.Ke2  0-1